=LDR 00000nam 2200000 4500 =001 000321 =005 20250711015538 =035 ##$$a 0010-0725000174 =007 ta =008 250711################a##########0#ind## =020 ##$$a 978-623-6806-62-3 =100 #$$a Jumeri =245 1#$$a Aku Anak Bijak sampah /$c Jumeri =250 ##$$a Cetakan Pertama =260 ##$$a Jakarta :$b Kementrian Pendidikan, Kebudayaan, Riset, dan Teknologi,$c 2021 =300 ##$$a 21 hlm. : $b Ilus. ; $c 29,7 cm =856 ##$$a TBM As suhada =082 ##$$a 398. 209 598 =084 ##$$a 398. 209 598 JUM a =990 ##$$a TBM202400021